书目信息 |
| 题名: |
一般拓扑学导引
|
|
| 作者: | 李孝传 , 陈玉清 编 | |
| 分册: | ||
| 出版信息: | 北京 人民教育出版社 1982 |
|
| 页数: | 264页 | |
| 开本: | 21cm | |
| 丛书名: | ||
| 单 册: | ||
| 中图分类: | O189.1 | |
| 科图分类: | ||
| 主题词: | 一般拓扑 | |
| 电子资源: | ||
| ISBN: | ||
| 000 | 00703nam0 2200265 45 | |
| 001 | 0182000960 | |
| 005 | 20040917092227.5 | |
| 010 | @dCNY1.15 | |
| 091 | @a13012.0794 | |
| 100 | @a19950222d1982 em y0chiy0121 ea | |
| 101 | 0 | @achi |
| 102 | @aCN@b110000 | |
| 105 | @ay z 000yy | |
| 106 | @ar | |
| 200 | 10 | @a一般拓扑学导引@Ayi ban tuo pu xue dao yin@f李孝传, 陈玉清编 |
| 210 | @a北京@c人民教育出版社@d1982 | |
| 215 | @a264页@d21cm | |
| 300 | @a高等学校试用教材 | |
| 606 | @a一般拓扑 | |
| 690 | @aO189.1@v3 | |
| 701 | 0 | @a李孝传@Ali xiao chuan@4编 |
| 701 | 0 | @a陈玉清@Achen yu qing@4编 |
| 801 | 0 | @aCN@b上海图书馆@c20040524 |
| 801 | 2 | @aCN@bNLC@c20040524 |
| 905 | @dO189.1@e10@f1@b92444 | |
| 一般拓扑学导引/李孝传, 陈玉清编.-北京:人民教育出版社,1982 |
| 264页;21cm |
| 高等学校试用教材 |
| ISBN :CNY1.15 |
| ● |
| 相关链接 |
|
|
|
|
正题名:一般拓扑学导引
索取号:O189.1/10
 
预约/预借
| 序号 | 登录号 | 条形码 | 馆藏地/架位号 | 状态 | 备注 |
| 1 | 0092444 | 001959027 | 第三借阅区/ [索取号:O189.1/10] | 在馆 | |
| 2 | 0092445 | 000397902 | 第三借阅区/ [索取号:O189.1/10] | 在馆 | |
| 3 | 0092446 | 202094946 | 第二样本阅览室/ [索取号:O189.1/10] | 在馆 |